000 00410nam a22001817a 4500
003 OSt
005 20260407120656.0
008 260407b |||||||| |||| 00| 0 eng d
020 _a9788119555604
082 _a8H1.4337
_bKAUK
100 _aKaul, Manav
245 _aKatranein
260 _aNew Delhi
_bHind Yugm
_c2025
300 _a221p
546 _aHindi
650 _aHindi Literature
942 _2ddc
_cBK
999 _c3986
_d3986